<?xml version="1.0" encoding="UTF-8"?>
<record
    xmlns:xsi="http://www.w3.org/2001/XMLSchema-instance"
    xsi:schemaLocation="http://www.loc.gov/MARC21/slim http://www.loc.gov/standards/marcxml/schema/MARC21slim.xsd"
    xmlns="http://www.loc.gov/MARC21/slim">

  <leader>01416nam a2200325 i 4500</leader>
  <controlfield tag="001">156341</controlfield>
  <controlfield tag="003">ES-MaACL</controlfield>
  <controlfield tag="005">20250901063130.0</controlfield>
  <controlfield tag="008">990614e1890    uy     |r     001 0 spa  </controlfield>
  <datafield tag="040" ind1=" " ind2=" ">
    <subfield code="a">CCPB | B </subfield>
    <subfield code="b">spa </subfield>
    <subfield code="c">ES-MaACL</subfield>
  </datafield>
  <datafield tag="080" ind1=" " ind2=" ">
    <subfield code="a">342.52 </subfield>
  </datafield>
  <datafield tag="080" ind1=" " ind2=" ">
    <subfield code="a">342.53</subfield>
  </datafield>
  <datafield tag="100" ind1="1" ind2=" ">
    <subfield code="a">Jim&#xE9;nez de Ar&#xE9;chaga, Justino E.,</subfield>
    <subfield code="d">1883-1928</subfield>
    <subfield code="e">aut</subfield>
    <subfield code="9">128316</subfield>
  </datafield>
  <datafield tag="245" ind1="1" ind2="3">
    <subfield code="a">El poder legislativo / </subfield>
    <subfield code="c">por Justino Jim&#xE9;nez de Ar&#xE9;chaga</subfield>
  </datafield>
  <datafield tag="260" ind1=" " ind2=" ">
    <subfield code="a">Montevideo : </subfield>
    <subfield code="b">[s.n.], </subfield>
    <subfield code="c">1890</subfield>
    <subfield code="f">(Librer&#xED;a Nacional de A. Barreiro y Ramos)</subfield>
  </datafield>
  <datafield tag="300" ind1=" " ind2=" ">
    <subfield code="a">377 p&#xE1;ginas ; </subfield>
    <subfield code="c">23 cm</subfield>
  </datafield>
  <datafield tag="500" ind1=" " ind2=" ">
    <subfield code="a">&#xCD;ndice</subfield>
  </datafield>
  <datafield tag="505" ind1="0" ind2=" ">
    <subfield code="a">Vol. I. Organizaci&#xF3;n del Poder Legislativo, 1887 (VIII, 327 p&#xE1;ginas) - v. II. Derecho Parlamentario; Funciones del Poder Legislativo, 1890 (377 p&#xE1;ginas)
</subfield>
  </datafield>
  <datafield tag="530" ind1=" " ind2=" ">
    <subfield code="a">Disponible en formato digital la obra completa: 2 v.</subfield>
  </datafield>
  <datafield tag="596" ind1=" " ind2=" ">
    <subfield code="a">Pie de imprenta del v. I: Montevideo : Tip. y Enc. de A. Barreiro y Ramos, 1887</subfield>
  </datafield>
  <datafield tag="650" ind1=" " ind2="4">
    <subfield code="a">Poder legislativo</subfield>
    <subfield code="9">136723</subfield>
  </datafield>
  <datafield tag="650" ind1=" " ind2="4">
    <subfield code="a">Derecho parlamentario</subfield>
    <subfield code="9">242161</subfield>
  </datafield>
  <datafield tag="700" ind1="1" ind2=" ">
    <subfield code="a">Barreiro y Ramos, Antonio, </subfield>
    <subfield code="d">1851-1916</subfield>
    <subfield code="e">prm</subfield>
    <subfield code="9">242162</subfield>
  </datafield>
  <datafield tag="752" ind1=" " ind2=" ">
    <subfield code="a">Uruguay - </subfield>
    <subfield code="d">Montevideo</subfield>
  </datafield>
  <datafield tag="852" ind1="4" ind2=" ">
    <subfield code="a">ES-MaACL</subfield>
    <subfield code="c">SPP2</subfield>
    <subfield code="e">S&#xF3;lo v. II </subfield>
    <subfield code="j">F-11783 </subfield>
    <subfield code="x">Pasta espa&#xF1;ola </subfield>
  </datafield>
  <datafield tag="856" ind1="4" ind2=" ">
    <subfield code="u">https://bdh-rd.bne.es/viewer.vm?id=0000049929&amp;page=1</subfield>
    <subfield code="y">Versi&#xF3;n en l&#xED;nea: 2 v.</subfield>
    <subfield code="z">(Biblioteca Digital Hisp&#xE1;nica)</subfield>
  </datafield>
  <datafield tag="942" ind1=" " ind2=" ">
    <subfield code="c">MONANT</subfield>
    <subfield code="n">0</subfield>
  </datafield>
  <datafield tag="999" ind1=" " ind2=" ">
    <subfield code="c">156341</subfield>
    <subfield code="d">156341</subfield>
  </datafield>
  <datafield tag="952" ind1=" " ind2=" ">
    <subfield code="0">0</subfield>
    <subfield code="1">0</subfield>
    <subfield code="4">0</subfield>
    <subfield code="7">0</subfield>
    <subfield code="8">LIBXIX</subfield>
    <subfield code="a">ATENEOM</subfield>
    <subfield code="b">ATENEOM</subfield>
    <subfield code="c">SPP2</subfield>
    <subfield code="d">2008-01-17</subfield>
    <subfield code="e">SSC</subfield>
    <subfield code="l">0</subfield>
    <subfield code="o">F-11783</subfield>
    <subfield code="p">1163564</subfield>
    <subfield code="r">2023-02-23 00:00:00</subfield>
    <subfield code="w">2023-02-23</subfield>
    <subfield code="y">MONANT</subfield>
  </datafield>
</record>
